000 00737nam a22002537a 4500
001 BD-DhSAU 1317
003 BD-DhSAU
005 20150114124413.0
008 150114b1967 enka|||| |||| 001 0 eng d
020 _a041221170x
040 _aBD-DhSAU
082 _222
_a595.705
_bCLE
100 _aL.R. Clark [et. al. ]
245 _athe ecology of insect populations in theory and practice
_cby Clark, L.R. ,P.W. Geier ,R.D. Hughes ,R.F. Morris
260 _aLondon :
_bChapman & hall ltd. ;
_cc1967.
300 _axiii, 232 p.:
_bill. ;
_c21 cm.
504 _aIncludes index
590 _aIMRAN
650 _aEntomology
650 _aEcology of insect
700 _aGeier, P.W.
700 _a Hughes, R.D.
700 _a Morris, R.F.
942 _2ddc
_cBOOK
999 _c1317
_d1317